000 00440nam a2200157 i 4500
001 86059
003 ES-MaACL
005 20230906175351.0
007 t|
008 041207s1931 ddr ||||1| ger d
100 1 _aKaiser, Georg.
_967434
245 1 4 _aDie bürger von calais
_b: bühnenspiel in drei akten /
_cGerog Kaiser.
260 _aBerlin :
_bGustav Kiepenheuer,
_c1931.
300 _a112 p. ;
_c20 cm.
852 _aES-MaACL
_jF-13731
999 _c86059
_d86059